| 000 | 00914nam a22002537a 4500 | ||
|---|---|---|---|
| 003 | BR-ViAPE | ||
| 005 | 20260513122755.0 | ||
| 008 | 260513s2008 poraco|gs|||| 001 0 por d | ||
| 040 | _cBR-ViAPE | ||
| 100 | _aRocha, Levy | ||
| 245 | _aViagem de Pedro II ao Espírito Santo | ||
| 250 | _a3. ed. | ||
| 260 |
_aVitória _b[Arquivo Público do Estado do Espírito Santo] _c2008 |
||
| 300 |
_a288 p. _bil. |
||
| 300 | _bLivro disponível em PDF | ||
| 490 |
_aColeção Canaã _vv. 7 |
||
| 500 | _aObra disponibilizada em PDF por integrar a Coleção Canaã do APEES. | ||
| 600 | _aPedro II | ||
| 650 |
_aHistória _xRelato de viagem _zEspírito Santo (Brasil) |
||
| 651 | _aEspírito Santo (Brasil) | ||
| 710 | _aArquivo Público do Estado do Espírito Santo | ||
| 856 |
_uhttps://ape.es.gov.br/Media/ape/PDF/Livros/Viagem_Pedro_II_ES_Levy_Rocha.pdf _yCLIQUE AQUI PARA ACESSAR O DOCUMENTO |
||
| 942 |
_2ddc _cBK _n1 |
||
| 999 |
_c652 _d652 |
||